Brazil 2013

Saved in:
Bibliographic Details
Format: Book
Language:English
Published: Paris OECD 2013
Series:OECD territorial reviews
Subjects:
Tags: Add Tag
No Tags, Be the first to tag this record!

MARC

LEADER 00000nam a2200000 4500
001 0177768
005 20240315120423.5
020 |a 978-92-64-12117-1 
041 0 |a eng 
044 |a FR 
245 1 0 |a Brazil  |b 2013 
264 1 |a Paris  |b OECD  |c 2013 
300 |a 221 s. 
490 1 |a OECD territorial reviews 
830 0 |a OECD territorial reviews 
610 2 0 |a regióny 
610 2 0 |a politika regionálna 
610 2 0 |a rozvoj regionálny 
610 2 0 |a Brazília